000 00684nam a2200253Ia 4500
003 OSt
005 20221005070109.0
006 a|||||r|||| 00| 0
007 ta
008 221004b |||||||| |||| 00| 0 urd d
020 _c40
024 _a31487
037 _cTextual
040 _aCRL
_cCRL
_burd
041 _2urd
_aurd
082 _aO168,3NSARx1, N0
100 _aRasheed Sajid Au.
_9605305
245 0 _aNakhlistan main khulne wali khidki
260 _aMumbai
_bSamta parkashan India
_c1990
300 _a124p.
_ccm.
650 _aURDU FICTION
_93298
942 _hO168,3NSARx1, N0
_cTEXL
_2cc
999 _c975669
_d975669